Estadísticas para Siglo IX y X

Haz click aquí para intentar la prueba.

Estadísticas generales

  • Esta prueba ha sido intentada 43 veces
  • La puntuación promedio es 11 de 20

Estadísticas de respuestas

AñoDescripciónRespuesta% Correcto
800sEste sistema, en el que los vasallos rinden homenaje a los señores, se hace
común en Europa occidental
{Feudal}ismo
86%
800sEste número se "inventa" en la IndiaCero
83%
845Esta ciudad del Sena es saqueada por los vikingosParís
74%
874Ingólfr Arnarson se convierte en la primera persona en establecerse en esta isla (según las sagas)Islandia
71%
800sEsta sociedad mesoamericana se derrumba. Todavía estamos tratando de averiguar por qué.Maya
69%
996Este país actual recibe por primera vez el nombre de "Ostarrîchi".Austria
66%
814Muere este gran soberano francoCarlomagno
66%
961Los Bizantinos reconquistan esta isla mediterráneaCreta
66%
978Comienza la construcción de la Basílica de San Marcos en esta ciudadVenecia
66%
982Erik el Rojo se instala en esta islaGroenlandia
63%
829Este animal nacional de Gales aparece por primera vezDragón Galés
60%
843Kenneth MacAlpin I se convierte en el primer rey de este paísEscocia
51%
820Esta rama de las matemáticas de resolución de ecuaciones es inventada por
Muḥammad ibn Mūsā al-Khwārizmī
Álgebra
46%
850El califato abbasí alcanza su mayor extensión con esta ciudad como capitalBagdad
46%
958Este rey danés gana poder... 1.039 años después, una tecnología inalámbrica llevaría su nombreHarald Bluetooth
43%
800sBuscando un elixir de la inmortalidad, los alquimistas chinos inventan esta sustancia causante de la mortalidadPólvora
34%
944Esta ciudad se convierte en capital del Imperio JemerAngkor
31%
969Esta ciudad africana fue fundada por el general fatimí JawharEl Cairo
31%
960Se establece esta dinastía china "musical"Song
14%
878Este gran rey anglosajón derrota al ejército pagano en la batalla de EdingtonAlfredo el Grande
11%

Distribución de puntuación

Porcentaje por número respondido

Porcentaje de gente con cada puntuación

Historial de tus puntuaciones

No has intentado esta prueba.